Statistiques concernant Les 15 plus hauts sommets des Alpes

Cliquez ici pour prendre le quiz!

Statistiques générales

  • Ce quiz a été pris 164 fois
  • Le résultat moyen est 3 sur 15

Statistiques - réponses

AltitudePaysRéponse% Correct
4 809mFrance/ItalieMont Blanc
100%
4 478mSuisse/ItalieCervin
83%
4 465mFrance/ItalieMont Maudit
34%
4 634mSuissePointe Dufour
30%
4 545mSuisseDom des Mischabel
25%
4 748mFrance/ItalieMont Blanc de Courmayeur
23%
4 505mSuisseWeisshorn
21%
4 527mSuisse/ItalieLiskamm (oriental)
5%
4 554mSuisse/ItaliePointe Gniffeti
5%
4 491mSuisseTäschhorn
5%
4 612mSuisse/ItalieNordend
3%
4 563mSuisse/ItalieZumsteinspitze
3%
4 460mItaliePointe Louis Amédée
2%
4 479mSuisse/ItalieLiskamm (occidental)
1%
4 432mSuisse/ItaliePointe Parrot
1%

Distribution des résultats

Percentile par nombre de réponses

% des personnes avec chaque résultat

Votre développement - résultats

Vous n’avez pas pris ce quiz